| 000 | 01106nam a2200217 i 4500 | ||
|---|---|---|---|
| 001 | 184598 | ||
| 003 | ES-MaACL | ||
| 005 | 20250815025707.0 | ||
| 008 | 151027m18861887sp |||| | spa d | ||
| 245 | 0 | 0 | _aDe las islas Filipinas. |
| 260 |
_a[S.l.] : _b[s.n.], _c1886-1887 ( _eMadrid : _fEstab. Tip. "Sucesores de Rivadeneyra") |
||
| 300 |
_a2 v. (XXXII, 484, XXVII, 491) ; _c23 cm. |
||
| 490 | 1 |
_aColección de documentos inéditos relativos al descubrimiento, conquista y organización de las antiguas posesiones españolas de ultramar. Segunda Serie / publicada por la Real Academia de la Historia ; _v2-3 |
|
| 530 | _aDisponible en formato digital. | ||
| 651 | 4 |
_aFilipinas- _xHistoria- _y1521-1812. _98659 |
|
| 710 | 2 |
_aReal Academia de la Historia (España) _96309 |
|
| 830 | 0 | 0 |
_aColección de documentos inéditos relativos al descubrimiento, conquista y organización de las antiguas posesiones de Ultramar _v2-3 _9241781 |
| 852 |
_aES-MaACL _jC-1963-64 |
||
| 856 |
_uhttp://bdh-rd.bne.es/viewer.vm?id=0000042885&page=1 _zBiblioteca Digital Hispánica |
||
| 999 |
_c184598 _d184598 |
||